000 00755nam a2200193Ia 4500
008 0000001993 pr a 0000000000spa00
090 _aPSP00 V34m
100 1 _aVillanueva, María Luisa
_d1941
245 1 0 _aM. Luisa Villanueva
_b: pinturas
300 _a1 plegable [6]
_c/ 25 cm.
500 _aExposición realizada en Luigi Marrozzini Galería, Mayo 5, 1993 \ Con el patronazgo del maestro venezolano Jesús Rafael Soto (q.e.p.d.)
600 0 0 _aVILLANUEVA, MARIA LUISA, 1941 /
_xTRABAJOS PICTORICOS
650 1 4 _aARTE CONTEMPORANEO ESPAÑOL
650 1 4 _xCATALOGOS
650 1 4 _xEXPOSICIONES
650 1 4 _aPINTORES ESPAÑOLES
650 1 4 _aPINTURA ESPAÑOLA
999 _c1885
_d1885
260 _aSan Juan (Puerto Rico) : Luigi Marrozzini Gallery
_c1993